|
|
|
|
| LEADER |
00000nab a2200000 a 4500 |
| 001 |
vtls009477821 |
| 003 |
SK-MaSNL |
| 005 |
20260304152324.0 |
| 008 |
250506c2008 xo |||||||||||000 b|slo |
| 015 |
|
|
|a SNBRB2009/02
|2 snkbucl
|
| 035 |
|
|
|a (sysno)vtls009477821
|
| 035 |
|
|
|a urn:nbn:sk:snk-ab6hsq
|
| 035 |
|
|
|a (uuid)4f11efc4-2254-456e-b26f-39ebe912bfa0
|
| 035 |
|
|
|a (urnnbn)urn:nbn:sk:snk:ar-0023hy
|
| 038 |
|
|
|a SNKBUCL
|
| 040 |
|
|
|a SNKBUCL
|b slo
|c SNKBUCL
|e AACR2
|
| 041 |
0 |
|
|a eng
|b eng
|
| 044 |
|
|
|a xo
|c SK
|
| 080 |
|
|
|a 674.053
|2 1997
|
| 080 |
|
|
|a 621.934.02
|2 1997
|
| 100 |
1 |
|
|a Bučar, Bojan
|4 aut
|9 1174834
|
| 245 |
1 |
0 |
|a Modelling of response of aerodynamic excited idling circular saw blade with geometrical imperfection
|c Bojan Bučar, Miran Merhar
|
| 300 |
|
|
|b Obr.
|
| 504 |
|
|
|a Bibliogr. odkazy
|
| 546 |
|
|
|a Res. angl.
|
| 650 |
0 |
7 |
|a kotúčové píly
|2 snkbucl
|9 28104
|
| 650 |
0 |
7 |
|a vibrácie
|2 snkbucl
|9 26273
|
| 650 |
0 |
7 |
|a geometrická nepresnosť
|2 snkbucl
|9 1474543
|
| 700 |
1 |
|
|a Merhar, Miran
|4 aut
|9 1474544
|
| 773 |
0 |
|
|t Wood research
|g Vol. 53, no. 3 (2008), s. 111-120
|x 1336-4561
|
| 850 |
|
|
|a Slovenská národná knižnica
|
| 852 |
|
|
|a Slovenská národná knižnica
|
| 958 |
|
|
|a article27
|
| 958 |
|
|
|a NB
|
| 958 |
|
|
|a OND
|
| 958 |
|
|
|a EUIPO
|
| 999 |
|
|
|c 2948331
|d 2950261
|